The Voegelinian revolution : a biographical introduction /

Bibliographic Details
Main Author: Sandoz, Ellis, 1931-
Format: Book
Language:English
Published: Baton Rouge : Louisiana State University Press, [1981]
Subjects:

MARC

Tag First Indicator Second Indicator Subfields
LEADER 00000pam a2200000 a 4500
001 in00000092616
005 20151008064312.0
008 810720s1981 lauc b s00110beng
010 |a  81012344  
020 |a 0807108707 :  |c $19.95 
035 |a (OCoLC)07671396 
035 |9 AAK3920AM 
039 0 |a 2  |b 3  |c 3  |d 3  |e 3 
040 |a DLC  |c DLC  |d TXA  |d UtOrBLW 
043 |a n-us--- 
049 |a TXAM  |c [1442640] 
050 0 0 |a JA93.V63  |b S25 
082 0 |a 320/.092/4  |a B  |2 19 
100 1 |a Sandoz, Ellis,  |d 1931- 
245 1 4 |a The Voegelinian revolution :  |b a biographical introduction /  |c Ellis Sandoz. 
264 1 |a Baton Rouge :  |b Louisiana State University Press,  |c [1981] 
264 4 |c ©1981 
300 |a xiv, 271 pages :  |b portrait ;  |c 24 cm. 
336 |a text  |b txt  |2 rdacontent 
337 |a unmediated  |b n  |2 rdamedia 
338 |a volume  |b nc  |2 rdacarrier 
500 |a Includes index. 
504 |a "Works by Eric Voegelin, 1922-1981": pages [253]-260. 
600 1 0 |a Voegelin, Eric,  |d 1901-1985. 
650 0 |a Political scientists  |z United States  |v Biography. 
999 |a MARS 
999 f f |s c287a1b8-0bcc-39b2-9f03-b161bb896279  |i 1cce12c2-9b59-3a20-99e7-a6c35c36453b  |t 0 
952 f f |p ric  |a Texas A&M University  |b Rellis Campus  |c Joint Library Facility  |d Remote Storage  |t 0  |e JA93.V63 S25  |h Library of Congress classification  |i unmediated -- volume  |m A14806148900 
998 f f |a JA93.V63 S25  |t 0  |l Remote Storage